000 00422nam a22001697a 4500
003 MPLRDC
005 20220104143010.0
008 210129b ||||| |||| 00| 0 eng d
082 _a855 ZML v.2
100 _a郑明俐主编
245 _a今生之旅. 二: 闪亮日子
_c
250 _a初版
260 _a
_b故乡出版社
_c1983
300 _b
650 _a散文;随笔、日记
942 _cBK
_o855 ZML v.2
999 _c35643
_d35633